[Event "SR 3. liga A2 2007/2008"]
[Site "?"]
[Date "2007.12.15"]
[Round "5"]
[White "Doucha, Ludvik"]
[Black "Manak, Jozef"]
[Result "1-0"]
[WhiteElo "2102"]
[BlackElo "2042"]
[PlyCount "111"]
[EventDate "2007.??.??"]

1. e4 c5 2. c4 Nc6 3. Ne2 e5 4. g3 d6 5. Bg2 f5 6. d3 Nf6 7. Nbc3 Be7 8. O-O
O-O 9. f4 fxe4 10. dxe4 Bg4 11. h3 Bxe2 12. Qxe2 Nd4 13. Qd3 Kh8 14. f5 Rg8 15.
g4 Ne8 16. Be3 Bg5 17. Rad1 Bxe3+ 18. Qxe3 h6 19. Qg3 g5 20. Kf2 Nf6 21. Bf3
Qf8 22. Rh1 Kg7 23. h4 Kf7 24. Rdg1 Qg7 25. Bd1 a6 26. Qe3 Rh8 27. Rh3 Rag8 28.
Rgh1 b6 29. hxg5 Qxg5 30. Qxg5 Rxg5 31. Rxh6 Rxh6 32. Rxh6 Nxg4+ 33. Bxg4 Rxg4
34. Rxd6 b5 35. Rxa6 b4 36. Nd5 Rxe4 37. Ra7+ Kf8 38. f6 Re2+ 39. Kg3 Re1 40.
Kh3 Rf1 41. b3 e4 42. Kg2 Rf3 43. Re7 Rxf6 44. Rxe4 Ra6 45. Nxb4 cxb4 46. Rxd4
Rxa2+ 47. Kf3 Rc2 48. Rd3 Ke7 49. Ke4 Ke6 50. Rh3 Kd6 51. Rh6+ Kc7 52. Rf6 Rc3
53. Rf3 Rc1 54. Kd4 Kc6 55. Rf6+ Kc7 56. Kc5 1-0

[Event "SR 3. liga A2 2007/2008"]
[Site "?"]
[Date "2007.12.15"]
[Round "5"]
[White "Furjel, Andrej"]
[Black "Stetina, Erik"]
[Result "1-0"]
[WhiteElo "2033"]
[BlackElo "2085"]
[PlyCount "91"]
[EventDate "2007.??.??"]

1. Nf3 Nf6 2. d4 e6 3. c4 Bb4+ 4. Nc3 b6 5. g3 Bb7 6. Bg2 d6 7. Qa4+ Nc6 8. O-O
O-O 9. Rd1 Bxc3 10. bxc3 Na5 11. Bg5 Qd7 12. Qxd7 Nxd7 13. Nd2 Bxg2 14. Kxg2 h6
15. Be3 c5 16. Rac1 Rac8 17. f3 Rc7 18. Rc2 Rfc8 19. Rdc1 Kf8 20. Bg1 Ke7 21.
e4 cxd4 22. cxd4 b5 23. c5 dxc5 24. dxc5 Ne5 25. Rb1 a6 26. a4 bxa4 27. Ra1 Nd3
28. Kf1 Nxc5 29. Bxc5+ Rxc5 30. Rxc5 Rxc5 31. Rxa4 Kd6 32. Rxa5 Rc6 33. Ke2 Kc7
34. Kd3 Kb6 35. Ra2 f6 36. f4 Rc1 37. Rb2+ Ka7 38. Nb3 Rc7 39. Nd4 e5 40. fxe5
fxe5 41. Nf3 Rc5 42. Rc2 Rb5 43. Rc7+ Kb6 44. Rxg7 Rb3+ 45. Ke2 Rb2+ 46. Nd2
1-0

[Event "SR 3. liga A2 2007/2008"]
[Site "?"]
[Date "2007.12.15"]
[Round "5"]
[White "Sturdik, Igor"]
[Black "Mihalik, Anton"]
[Result "1/2-1/2"]
[WhiteElo "2020"]
[BlackElo "1981"]
[PlyCount "48"]
[EventDate "2007.??.??"]

1. e4 c5 2. Nf3 d6 3. d4 cxd4 4. Nxd4 Nf6 5. Nc3 a6 6. Bg5 e6 7. f4 Be7 8. Qf3
Qc7 9. O-O-O Nbd7 10. Bd3 b5 11. Rhe1 Bb7 12. Qg3 O-O-O 13. Bxb5 axb5 14. Ndxb5
Qc5 15. e5 dxe5 16. fxe5 Ne8 17. Bxe7 Qxe7 18. Nd6+ Nxd6 19. exd6 Qf6 20. Nb5
h6 21. Kb1 Qg5 22. Qb3 Qc5 23. Rd3 Kb8 24. Rc3 Qb6 1/2-1/2

[Event "SR 3. liga A2 2007/2008"]
[Site "?"]
[Date "2007.12.15"]
[Round "5"]
[White "Curidlo, Jan"]
[Black "Krist, Milan"]
[Result "1/2-1/2"]
[WhiteElo "2042"]
[BlackElo "2055"]
[PlyCount "96"]
[EventDate "2007.??.??"]

1. e4 e6 2. d4 d5 3. Nd2 c5 4. exd5 exd5 5. Ndf3 Nf6 6. Bg5 Be7 7. Bb5+ Nc6 8.
c3 O-O 9. Bxc6 bxc6 10. Ne5 Qb6 11. Ne2 Ba6 12. O-O Rad8 13. Re1 h6 14. Be3
Bxe2 15. Rxe2 Bd6 16. Nd3 c4 17. Ne5 Qc7 18. h3 Rfe8 19. Qa4 Bxe5 20. dxe5 Nd7
21. f4 f6 22. Qxa7 Qxa7 23. Bxa7 fxe5 24. fxe5 Rxe5 25. Rxe5 Nxe5 26. Bd4 Nd3
27. b4 cxb3 28. axb3 Re8 29. Ra7 g5 30. Rg7+ Kf8 31. Rh7 Re6 32. Kh2 Nc1 33. b4
Ne2 34. Bg7+ Kf7 35. Bd4+ Kg6 36. Rg7+ Kf5 37. Rf7+ Ke4 38. Bg7 Kd3 39. Rf3+
Kd2 40. Rf2 h5 41. g4 hxg4 42. hxg4 Rg6 43. Be5 Rh6+ 44. Kg2 Re6 45. Bf6 Re4
46. Kh3 Ke3 47. Rf5 Ng1+ 48. Kg3 Ne2+ 1/2-1/2

[Event "SR 3. liga A2 2007/2008"]
[Site "?"]
[Date "2007.12.15"]
[Round "5"]
[White "Mosny, Jaroslav"]
[Black "Bincik, Pavol"]
[Result "1-0"]
[WhiteElo "2014"]
[BlackElo "1889"]
[PlyCount "71"]
[EventDate "2007.??.??"]

1. d4 d5 2. Nf3 Nf6 3. c4 c6 4. e3 Bg4 5. Nc3 e6 6. Be2 Nbd7 7. cxd5 exd5 8.
O-O Bd6 9. Bd2 O-O 10. Rc1 Re8 11. Ng5 Bxe2 12. Qxe2 h6 13. Nh3 Nh7 14. f3 f5
15. Qd3 Rf8 16. e4 dxe4 17. fxe4 Ne5 18. Qe2 Qb6 $11 19. Be3 Ng4 20. Qc4+ Kh8
21. Bf4 Bxf4 22. Nxf4 Rf6 23. Na4 Qb5 24. Qxb5 cxb5 25. e5 Ra6 26. Nc5 Rxa2 27.
Ng6+ Kg8 28. Rxf5 Ne3 29. Ne7+ Kh8 30. Rf3 Re8 31. Ng6+ Kg8 32. Rxe3 Rxb2 33.
Ne4 Rd8 34. e6 Nf6 35. e7 Rd7 36. Nxf6+ 1-0

[Event "SR 3. liga A2 2007/2008"]
[Site "?"]
[Date "2007.12.15"]
[Round "5"]
[White "Slaby, Jozef"]
[Black "Puchart, Vladimir"]
[Result "0-1"]
[WhiteElo "1945"]
[BlackElo "2024"]
[PlyCount "94"]
[EventDate "2007.??.??"]

1. d4 Nf6 2. c4 e6 3. Nf3 b6 4. a3 Bb7 5. Nc3 d5 6. e3 Be7 7. Be2 O-O 8. O-O
Nbd7 9. Bd2 c5 10. Rc1 Ne4 11. Nb5 Nxd2 12. Qxd2 a6 13. Nc3 dxc4 14. dxc5 Nxc5
15. Qxd8 Rfxd8 16. Bxc4 b5 17. Be2 Nb3 18. Rcd1 Bf6 19. Rxd8+ Rxd8 20. Rd1
Rxd1+ 21. Bxd1 Bxc3 22. bxc3 Nc5 23. Nd2 Bd5 24. f3 e5 25. Kf2 Kf8 26. e4 Be6
27. Ke3 Ke7 28. g3 Kd6 29. f4 f6 30. h4 Nd7 31. a4 bxa4 32. Bxa4 Nb6 33. Bc2
Nc4+ 34. Kd3 Nxd2 35. Kxd2 Kc5 36. Ba4 a5 37. Ke2 Bc8 38. fxe5 fxe5 39. Kd2 Bb7
40. Bc2 Kc4 41. Bd3+ Kb3 42. Bc2+ Kb2 43. c4 Bc6 44. c5 a4 45. Bxa4 Bxa4 46.
Kd3 Bb5+ 47. Ke3 Kc3 0-1

[Event "SR 3. liga A2 2007/2008"]
[Site "?"]
[Date "2007.12.15"]
[Round "5"]
[White "Hagara, Vladimir"]
[Black "Gono, Michal"]
[Result "0-1"]
[WhiteElo "1972"]
[BlackElo "1682"]
[PlyCount "48"]
[EventDate "2007.??.??"]

1. d4 d5 2. c4 c6 3. Nf3 Nf6 4. Nc3 Bf5 5. Bg5 dxc4 6. a4 h6 7. Bxf6 exf6 8. e3
Bb4 9. Bxc4 Qa5 10. Qc1 O-O 11. O-O Bg4 12. Be2 Nd7 13. Rd1 Nb6 14. Qc2 Rfe8
15. Na2 Bd6 16. Nc3 Qh5 17. h3 Bxh3 18. gxh3 Qxh3 19. Ne4 Qg4+ 20. Ng3 Bxg3 21.
fxg3 Qxg3+ 22. Kf1 Rxe3 23. Ra3 Nd5 24. Re1 Rxa3 0-1

[Event "SR 3. liga A2 2007/2008"]
[Site "?"]
[Date "2007.12.15"]
[Round "5"]
[White "Matejovic, Ludovit"]
[Black "Klanica, Anton"]
[Result "1-0"]
[WhiteElo "1581"]
[BlackElo "1914"]
[PlyCount "146"]
[EventDate "2007.??.??"]

1. e4 e6 2. d4 d5 3. exd5 exd5 4. Nf3 Nf6 5. Nc3 c6 6. Bd3 Bd6 7. Qe2+ Qe7 8.
Qxe7+ Bxe7 9. O-O O-O 10. Re1 Bd6 11. Bg5 Nbd7 12. Bf5 h6 13. Bxd7 Bxd7 14.
Bxf6 gxf6 15. Re3 Bf5 16. Re2 Bg4 17. Re3 Kg7 18. Nh4 Bd7 19. Rae1 Be6 20. Ne2
f5 21. Rf3 Kf6 22. Nf4 Bxf4 23. Rxf4 Rg8 24. Re5 Rg4 25. Rxg4 fxg4 26. f3 gxf3
27. Nxf3 Bg4 28. Kf2 Bxf3 29. Kxf3 Rg8 30. h4 Rd8 31. g4 Rd7 32. Kf4 a6 33. a4
Rc7 34. c3 Rd7 35. a5 Rc7 36. b4 Rd7 37. Rf5+ Ke6 38. Rh5 Rd8 39. Rxh6+ Ke7 40.
Rh5 Rd6 41. Re5+ Kf8 42. g5 Rd7 43. Kf5 Kg7 44. h5 Kf8 45. Re3 Rd8 46. g6 Rd7
47. Re2 Rd8 48. Kg5 fxg6 49. hxg6 Rd7 50. Kf6 Rd6+ 51. Re6 Rd7 52. Kf5 Rc7 53.
Rd6 Kg7 54. Rf6 Re7 55. Re6 Rd7 56. Re3 Kf8 57. Rh3 Kg8 58. Rh2 Rd8 59. Rh7 Rb8
60. Kf6 Rf8+ 61. Ke7 Rf3 62. Rf7 Rxc3 63. Kd6 Rg3 64. Rxb7 Rxg6+ 65. Kc5 Kf8
66. Rb6 Ke8 67. Rxc6 Rg1 68. Kxd5 Rg5+ 69. Kc4 Kd7 70. Rxa6 Rg1 71. b5 Rc1+ 72.
Kd5 Rb1 73. b6 Kc8 1-0

[Event "SR 3. liga A2 2007/2008"]
[Site "?"]
[Date "2007.12.09"]
[Round "5"]
[White "Hudacek, Josef"]
[Black "Horak, Ivan"]
[Result "0-1"]
[WhiteElo "2081"]
[BlackElo "2140"]
[PlyCount "116"]
[EventDate "2007.??.??"]

1. e4 c5 2. Ne2 d6 3. g3 g6 4. Bg2 Bg7 5. O-O e6 6. d3 Ne7 7. f4 Nbc6 8. c3 O-O
9. Nd2 Rb8 10. a4 b6 11. Nf3 Bb7 12. g4 f5 13. h3 Qd7 14. Ng3 d5 15. e5 d4 16.
c4 a6 17. g5 b5 18. axb5 axb5 19. b3 Ra8 20. Rb1 b4 21. h4 Ra2 22. Bb2 Rfa8 23.
h5 Kf7 24. Qe1 Na5 25. Nd2 Bxg2 26. Kxg2 Qb7+ 27. Kh2 h6 28. Ne2 hxg5 29. Nc1
Rh8 30. Nf3 Rxh5+ 31. Kg1 Rxb2 32. Rxb2 gxf4 33. Rh2 Rxh2 34. Kxh2 Qc8 35. Qh4
Qh8 36. Ng5+ Kg8 37. Qxh8+ Bxh8 38. Nxe6 Bxe5 39. Nxc5 g5 40. Ne6 g4 41. Re1
Bb8 42. Nxd4 f3+ 43. Kg1 Kf7 44. Ne6 Kf6 45. Kf2 Nac6 46. d4 Ba7 47. c5 Nxd4
48. Nxd4 Bxc5 49. Ke3 Nc6 50. Rd1 Nxd4 51. Nd3 Bb6 52. Kf2 Ne2+ 53. Kf1 g3 54.
Nf4 Bd4 55. Nxe2 g2+ 56. Ke1 f2+ 57. Kd2 Bc3+ 58. Ke3 f1=Q 0-1

[Event "SR 3. liga A2 2007/2008"]
[Site "?"]
[Date "2007.12.09"]
[Round "5"]
[White "Kovarik, Oto"]
[Black "Strakac, Petr"]
[Result "1-0"]
[WhiteElo "2054"]
[BlackElo "2029"]
[PlyCount "150"]
[EventDate "2007.??.??"]

1. e4 e5 2. Nf3 d6 3. d4 Nf6 4. dxe5 Nxe4 5. Bd3 Nc5 6. O-O Nxd3 7. Qxd3 Be7 8.
exd6 Qxd6 9. Qxd6 Bxd6 10. Re1+ Kf8 11. Nbd2 f6 12. Nc4 Be7 13. Bf4 Na6 14. Nd4
Kf7 15. c3 Bd7 16. Ne3 Rhe8 17. Nd5 Bd8 18. Rxe8 Kxe8 19. Re1+ Kf7 20. c4 c6
21. Ne3 Nb4 22. Bd6 Na6 23. b3 Nc7 24. Nef5 Ne8 25. Be7 Bc7 26. c5 Be5 27. Bd6
Nxd6 28. Nxd6+ Bxd6 29. cxd6 Re8 30. Rxe8 Kxe8 31. b4 b6 32. Kf1 Kf7 33. Ke2 c5
34. bxc5 bxc5 35. Nb3 Bb5+ 36. Ke3 Ke6 37. Nxc5+ Kxd6 38. Kd4 Bf1 39. g3 Bg2
40. f4 Bd5 41. a3 Ba2 42. Ne4+ Kc6 43. g4 Bd5 44. Nc3 Bf3 45. h3 g6 46. f5 g5
47. a4 a6 48. Ne4 Bxe4 49. Kxe4 Kc5 50. a5 Kc4 51. Ke3 Kd5 52. Kd3 h6 53. Ke3
Ke5 54. Kd3 Kf4 55. Kd4 Kg3 56. Kd5 Kxh3 57. Ke6 Kxg4 58. Kxf6 h5 59. Kg6 h4
60. f6 h3 61. f7 h2 62. f8=Q h1=Q 63. Qf5+ Kg3 64. Qxg5+ Kf2 65. Qc5+ Ke2 66.
Qc4+ Ke3 67. Qxa6 Qe4+ 68. Kf7 Qh7+ 69. Ke8 Kd4 70. Qb6+ Kd5 71. Kd8 Qh8+ 72.
Kc7 Qe5+ 73. Kb7 Qe7+ 74. Kb8 Kc4 75. a6 Qe8+ 1-0

[Event "SR 3. liga A2 2007/2008"]
[Site "?"]
[Date "2007.12.09"]
[Round "5"]
[White "Kubis, Ivan"]
[Black "Sefcik, Marek"]
[Result "1-0"]
[WhiteElo "2018"]
[BlackElo "1955"]
[PlyCount "45"]
[EventDate "2007.??.??"]

1. e4 Nc6 2. d4 d5 3. Nc3 e5 4. exd5 Nxd4 5. Be3 Nf5 6. Bb5+ Bd7 7. Qd3 Nd6 8.
Nf3 f6 9. O-O Ne7 10. Rad1 a6 11. Bxd7+ Qxd7 12. Nd2 f5 13. f4 e4 14. Qd4 Rg8
15. Nb3 b6 16. a4 a5 17. Nd2 g6 18. Nc4 Nxc4 19. Qxc4 Bg7 20. d6 cxd6 21. Nb5
d5 22. Nc7+ Kf8 23. Nxa8 1-0

[Event "SR 3. liga A2 2007/2008"]
[Site "?"]
[Date "2007.12.09"]
[Round "5"]
[White "Jozefovic, Milan"]
[Black "Hrubsa, Vladimir"]
[Result "0-1"]
[WhiteElo "1932"]
[BlackElo "2083"]
[PlyCount "90"]
[EventDate "2007.??.??"]

1. e4 c5 2. Nf3 Nc6 3. Bc4 g6 4. O-O Bg7 5. c3 Na5 6. Be2 Nf6 7. e5 Nd5 8. d4
cxd4 9. cxd4 O-O 10. Nc3 Nxc3 11. bxc3 d5 12. exd6 Qxd6 13. Qa4 Qc7 14. Bd2 Bd7
15. Qa3 b5 16. Bd3 Bc6 17. Ng5 e5 18. Qb4 Rad8 19. Bxb5 exd4 20. c4 Nb7 21.
Bxc6 Qxc6 22. Rab1 Nc5 23. Qa3 h6 24. Nf3 Rfe8 25. Rfe1 Ne4 26. Qd3 f5 27. Bb4
Kh7 28. Nd2 Nc3 29. Rxe8 Qxe8 30. Ra1 Ne2+ 31. Kf1 Nf4 32. Qf3 d3 33. Re1 Ne2
34. a3 Qa4 35. h4 a5 36. Bc5 Bc3 37. h5 Bxd2 38. Qb7+ Qd7 39. hxg6+ Kxg6 40.
Qb6+ Kh7 41. Rb1 Nc3 42. Rb3 a4 43. Rb2 Bc1 44. Be3 Bxe3 45. Qxe3 Nd1 0-1

[Event "SR 3. liga A2 2007/2008"]
[Site "?"]
[Date "2007.12.09"]
[Round "5"]
[White "Londin, Martin"]
[Black "Bilovsky, Milan"]
[Result "1-0"]
[WhiteElo "1985"]
[BlackElo "1872"]
[PlyCount "79"]
[EventDate "2007.??.??"]

1. e4 c5 2. Nf3 Nc6 3. Bb5 e6 4. Bxc6 bxc6 5. d3 Nf6 6. O-O Be7 7. c4 d6 8. Nc3
e5 9. h3 O-O 10. Nh2 Nd7 11. f4 f5 12. Qe2 Qe8 13. Bd2 Qg6 14. Rf3 Bh4 15. Raf1
Bg3 16. exf5 Rxf5 17. Qe4 Bb7 18. Rxg3 Qe6 19. fxe5 Rxf1+ 20. Nxf1 Nxe5 21. Bf4
Re8 22. Bxe5 dxe5 23. Ne3 Bc8 24. Na4 Bd7 25. Nxc5 Qd6 26. Nxd7 Qxd7 27. Qg4
Qb7 28. Nf5 g6 29. Nd6 Qe7 30. Nxe8 Qxe8 31. Qe4 Qb8 32. Qxc6 Qxb2 33. Qa8+ Kg7
34. Qxa7+ Kh6 35. a4 Qb3 36. a5 Qa3 37. Qe3+ Kg7 38. Qxe5+ Kh6 39. h4 Qa1+ 40.
Qxa1 1-0

[Event "SR 3. liga A2 2007/2008"]
[Site "?"]
[Date "2007.12.09"]
[Round "5"]
[White "Hrubos, Milan"]
[Black "Pekar, Tibor"]
[Result "1/2-1/2"]
[WhiteElo "1726"]
[BlackElo "1973"]
[PlyCount "32"]
[EventDate "2007.??.??"]

1. e4 c5 2. Nf3 Nc6 3. d4 cxd4 4. Nxd4 e6 5. Nc3 a6 6. Be2 Bb4 7. O-O Bxc3 8.
bxc3 Nge7 9. Be3 O-O 10. f4 d5 11. e5 Nf5 12. Nxf5 exf5 13. Bf3 Be6 14. Qd2 Qa5
15. Rfb1 Rac8 16. Rxb7 d4 1/2-1/2

[Event "SR 3. liga A2 2007/2008"]
[Site "?"]
[Date "2007.12.09"]
[Round "5"]
[White "Vepy, Ivan"]
[Black "Husek, Lubomir"]
[Result "1-0"]
[WhiteElo "1973"]
[BlackElo "1600"]
[PlyCount "61"]
[EventDate "2007.??.??"]

1. e4 c5 2. Nf3 d6 3. d4 cxd4 4. Nxd4 Nf6 5. Nc3 g6 6. Be2 Bg7 7. Be3 O-O 8.
Qd2 Nc6 9. Nxc6 bxc6 10. Rd1 Qa5 11. O-O Re8 12. f4 Ng4 13. Bxg4 Bxg4 14. Rb1
Rab8 15. Qd3 Bc8 16. Qd1 Be6 17. f5 Bc4 18. Rf2 Rb7 19. Bd4 Bh6 20. Rf3 c5 21.
Bf2 Bg7 22. Be1 Qb6 23. Rh3 Reb8 24. b3 Bb5 25. Qf3 Bc6 26. Bd2 Bd4+ 27. Kh1
Kg7 28. Rf1 Bf6 29. fxg6 hxg6 30. Bg5 Rh8 31. Bxf6+ 1-0

[Event "SR 3. liga A2 2007/2008"]
[Site "?"]
[Date "2007.12.09"]
[Round "5"]
[White "Zlamal, Marek"]
[Black "Brisudova, Veronika"]
[Result "0-1"]
[WhiteElo "1480"]
[BlackElo "1751"]
[PlyCount "68"]
[EventDate "2007.??.??"]

1. e4 e6 2. Nc3 d5 3. exd5 exd5 4. d4 Nf6 5. Bf4 Bb4 6. Nf3 O-O 7. a3 Bxc3+ 8.
bxc3 Ne4 9. Bd3 Nxc3 10. Bxh7+ Kh8 11. Qd3 Qe7+ 12. Be3 Ne4 13. Ne5 Kxh7 14. f3
Bf5 15. fxe4 Bxe4 16. Qe2 Kg8 17. O-O Nd7 18. Nxd7 Qxd7 19. Rf4 Qe7 20. Rg4 f5
21. Rf4 Bxc2 22. Re1 Be4 23. Qh5 Qf7 24. Qh3 Qg6 25. Ref1 Rae8 26. Rh4 Rf6 27.
Rff4 Bxg2 28. Rh8+ Kf7 29. Qh5 Rxe3 30. Qxg6+ Rxg6 31. Rxf5+ Ke7 32. Kf2 Rxa3
33. Re5+ Kd7 34. Rhe8 Be4 0-1

[Event "SR 3. liga A2 2007/2008"]
[Site "?"]
[Date "2007.12.09"]
[Round "5"]
[White "Palka, Miroslav"]
[Black "Pribila, Gerhard"]
[Result "1/2-1/2"]
[WhiteElo "2045"]
[BlackElo "2026"]
[PlyCount "54"]
[EventDate "2007.??.??"]

1. c4 c5 2. Nc3 Nf6 3. e4 Nc6 4. g3 g6 5. Bg2 Bg7 6. f4 d6 7. Nf3 O-O 8. O-O
Bg4 9. h3 Bxf3 10. Bxf3 Nd4 11. Bg2 Rb8 12. d3 b5 13. cxb5 Nxb5 14. Bd2 Nd7 15.
Rb1 Nxc3 16. bxc3 Rxb1 $11 17. Qxb1 Qb6 18. Qxb6 axb6 19. Rc1 Ra8 20. Rc2 Ra3
21. Kf2 e6 22. Ke2 b5 23. e5 dxe5 24. Bc6 Nb6 25. Bxb5 exf4 26. gxf4 Nd5 27. c4
Nc3+ $11 1/2-1/2

[Event "SR 3. liga A2 2007/2008"]
[Site "?"]
[Date "2007.12.09"]
[Round "5"]
[White "Pribila, Michal"]
[Black "Skapikova, Lubica"]
[Result "1-0"]
[WhiteElo "2067"]
[BlackElo "1988"]
[PlyCount "135"]
[EventDate "2007.??.??"]

1. e4 e5 2. Nf3 Nc6 3. d4 exd4 4. Nxd4 Nf6 5. Nxc6 bxc6 6. e5 Nd5 7. c4 Bb4+ 8.
Bd2 Bxd2+ 9. Qxd2 Nb6 10. Bd3 d6 11. exd6 cxd6 12. O-O O-O 13. Nc3 Be6 14. b3
d5 15. cxd5 cxd5 16. Rac1 Qd7 17. Nb5 Rac8 18. Nd4 Rc7 19. Rxc7 Qxc7 20. Rc1
Qb7 21. Qg5 h6 22. Qg3 Rc8 23. Re1 Nd7 24. Qe3 Nc5 25. Bb1 Bd7 26. Nf5 Bxf5 27.
Bxf5 Ne6 28. Bxe6 fxe6 29. Qxe6+ Kh8 30. Qd6 Qf7 31. f3 Qf5 32. Qe6 Qxe6 33.
Rxe6 Rc2 34. Ra6 d4 35. Rd6 d3 36. Rxd3 Rxa2 37. Rd4 Rb2 38. b4 Kh7 39. h4 Kg6
40. Kh2 Kf6 41. Kh3 Rb1 42. Kg4 g6 43. Kf4 Rb2 44. g4 g5+ 45. hxg5+ hxg5+ 46.
Ke4 Rb1 47. Rc4 Ke6 48. Rc6+ Kd7 49. Rc5 Rxb4+ 50. Ke3 Ke6 51. Rxg5 Ra4 52. Rb5
Kf6 53. Rc5 a5 54. g5+ Kg6 55. f4 Ra1 56. Rc6+ Kg7 57. Ke4 a4 58. Kf5 Rb1 59.
Rc7+ Kf8 60. Ra7 Rb5+ 61. Kg4 Rb4 62. g6 Rb1 63. Kg5 Rb4 64. f5 Rb5 65. Rxa4
Kg7 66. Ra7+ Kg8 67. Kh6 Rb8 68. f6 1-0

[Event "SR 3. liga A2 2007/2008"]
[Site "?"]
[Date "2007.12.09"]
[Round "5"]
[White "Zisek, Jaroslav"]
[Black "Kocak, Branislav"]
[Result "0-1"]
[WhiteElo "1922"]
[BlackElo "1855"]
[PlyCount "46"]
[EventDate "2007.??.??"]

1. c4 Nf6 2. Nc3 g6 3. g3 Bg7 4. Bg2 O-O 5. d4 d6 6. e4 e5 7. Nge2 Nc6 8. h3
exd4 9. Nxd4 Nxe4 10. Nxc6 Nxc3 11. bxc3 bxc6 12. Bd2 Qe7+ 13. Kf1 Bf5 14. Bxc6
Rab8 15. Bb5 Qe4 16. f3 Qd3+ 17. Kf2 Bxc3 18. Bxc3 Qxc3 19. Re1 Be6 20. Re2 Qa5
21. Qd4 a6 22. Bc6 Qb6 23. Rd1 Qxc6 0-1

[Event "SR 3. liga A2 2007/2008"]
[Site "?"]
[Date "2007.12.09"]
[Round "5"]
[White "Vach, Jozef"]
[Black "Palka, Martin"]
[Result "1/2-1/2"]
[WhiteElo "1944"]
[BlackElo "1912"]
[PlyCount "38"]
[EventDate "2007.??.??"]

1. e4 c5 2. Nf3 d6 3. d4 cxd4 4. Nxd4 Nf6 5. Nc3 a6 6. Be3 Nc6 7. Nxc6 bxc6 8.
Be2 e5 9. O-O Be7 10. Qd2 Ng4 11. Bxg4 Bxg4 12. f3 Be6 13. Rfd1 Qc7 14. b3 O-O
15. Na4 f5 16. exf5 Bxf5 17. c4 Rf7 18. Rac1 h6 19. Nc3 Raf8 $11 1/2-1/2

[Event "SR 3. liga A2 2007/2008"]
[Site "?"]
[Date "2007.12.09"]
[Round "5"]
[White "Fidericky, Milan"]
[Black "Brunovsky, Peter"]
[Result "1/2-1/2"]
[WhiteElo "1883"]
[BlackElo "1687"]
[PlyCount "90"]
[EventDate "2007.??.??"]

1. d4 Nf6 2. c4 g6 3. Nc3 Bg7 4. e4 d6 5. Nf3 O-O 6. Be2 Na6 7. O-O c5 8. d5
Nc7 9. h3 Bd7 10. Be3 a6 11. a4 Rb8 12. Qd2 b5 13. axb5 axb5 14. cxb5 Nxb5 15.
Bxb5 Bxb5 16. Rfe1 Bd7 17. e5 Ne8 18. exd6 exd6 19. Ra7 Nc7 20. Bh6 Nb5 21.
Bxg7 Kxg7 22. Nxb5 Rxb5 23. Ng5 Kg8 24. Ne4 Bf5 25. Nc3 Ra5 26. Rae7 Ra1 27.
Qe2 Rxe1+ 28. Qxe1 Bd7 29. f4 f5 30. Qe3 Re8 31. Rxe8+ Qxe8 32. Qxe8+ Bxe8 33.
Kf2 Kf7 34. Kf3 h5 35. g3 Bd7 36. h4 Ke7 37. Ke3 Kd8 38. Kd3 Kc7 39. Kc4 Kb6
40. b4 cxb4 41. Kxb4 Be8 42. Ne2 Bd7 43. Nd4 Be8 44. Ne6 Bd7 45. Nf8 Be8
1/2-1/2

[Event "SR 3. liga A2 2007/2008"]
[Site "?"]
[Date "2007.12.09"]
[Round "5"]
[White "Zajicek, Ferdinand"]
[Black "Havlicek, Peter"]
[Result "1-0"]
[WhiteElo "1798"]
[BlackElo "1688"]
[PlyCount "99"]
[EventDate "2007.??.??"]

1. e4 c5 2. Nf3 e6 3. Nc3 Nf6 4. Be2 d6 5. d3 Nc6 6. O-O Be7 7. a3 a6 8. h3 b5
9. Nh2 Nd4 10. Bf3 Bb7 11. Ne2 Nxf3+ 12. Nxf3 Qc7 13. Bf4 O-O 14. Qd2 Nh5 15.
Bh2 h6 16. Rac1 c4 17. g4 Nf6 18. g5 hxg5 19. Nxg5 Nh7 20. h4 Qc5 21. Bf4 Nf6
22. Be3 Qc8 23. f4 Nh5 24. Qe1 f5 25. Ng3 Nxg3 26. Qxg3 Bxg5 27. hxg5 g6 28.
Qh4 Qd7 29. Rf2 Qh7 30. Qxh7+ Kxh7 31. Rh2+ Kg7 32. Bd4+ Kg8 33. Rh8+ Kf7 34.
Rh7+ Ke8 35. Rxb7 fxe4 36. Bf6 Rc8 37. dxe4 Rf7 38. Rxf7 Kxf7 39. Rd1 Rc6 40.
c3 a5 41. Kf2 b4 42. axb4 axb4 43. cxb4 Rb6 44. Rh1 Rxb4 45. Rh7+ Kf8 46. Bc3
Rb5 47. Rg7 e5 48. Rxg6 exf4 49. Rxd6 Rxg5 50. Rf6+ 1-0

[Event "SR 3. liga A2 2007/2008"]
[Site "?"]
[Date "2007.12.09"]
[Round "5"]
[White "Lanik, Miroslav"]
[Black "Kastler, Peter"]
[Result "1/2-1/2"]
[WhiteElo "1580"]
[BlackElo "1679"]
[PlyCount "42"]
[EventDate "2007.??.??"]

1. e4 e5 2. Nf3 Nf6 3. Nxe5 d6 4. Nf3 Nxe4 5. Nc3 Nf6 6. d4 d5 7. Bf4 Bb4 8.
Bd3 O-O 9. O-O Bg4 10. h3 Bh5 11. g4 Bg6 12. Ne5 Bxd3 13. Qxd3 c6 14. Ne2 Nbd7
15. Bg5 Be7 16. Ng3 Nxe5 17. dxe5 Nd7 18. Bxe7 Qxe7 19. f4 g6 20. Rae1 Rae8 21.
Qd2 Qh4 1/2-1/2

[Event "SR 3. liga A2 2007/2008"]
[Site "?"]
[Date "2007.12.09"]
[Round "5"]
[White "Papanek, Lubomir"]
[Black "Beran, Jan"]
[Result "1-0"]
[WhiteElo "1667"]
[BlackElo "1686"]
[PlyCount "73"]
[EventDate "2007.??.??"]

1. d4 d5 2. c4 e6 3. Nf3 Nf6 4. Nc3 Be7 5. e3 O-O 6. Bd3 c6 7. O-O Re8 8. Re1
Nbd7 9. h3 dxc4 10. Bxc4 Nd5 11. e4 Nxc3 12. bxc3 Nb6 13. Bb3 h6 14. Be3 Bf6
15. e5 Be7 16. c4 Qc7 17. Qd3 Bf8 18. Bc2 g6 19. Nh4 Qe7 20. Nxg6 fxg6 21.
Qxg6+ Qg7 22. Qxe8 Bd7 23. Qg6 Qxg6 24. Bxg6 Be8 25. Bxe8 Rxe8 26. Rac1 Re7 27.
g4 Rg7 28. Kh2 Rf7 29. f4 Ba3 30. Rc2 Be7 31. Rg1 Kh7 32. g5 hxg5 33. fxg5 Kg6
34. h4 Kh5 35. Rf2 Rxf2+ 36. Bxf2 Nxc4 37. g6 1-0

[Event "SR 3. liga A2 2007/2008"]
[Site "?"]
[Date "2008.01.13"]
[Round "6"]
[White "Farkas, Gabor"]
[Black "Janko, Ladislav"]
[Result "1-0"]
[WhiteElo "2333"]
[BlackElo "2195"]
[PlyCount "89"]
[EventDate "2007.??.??"]

1. e4 g6 2. d4 Bg7 3. Nc3 d6 4. h3 Nf6 5. g4 c5 6. dxc5 Qa5 7. Bg2 Qxc5 8. Be3
Qb4 9. Nge2 Nc6 10. O-O O-O 11. f4 Nd7 12. Qd2 a5 13. a3 Qc4 14. f5 a4 15. Rab1
Nc5 16. g5 Be5 17. f6 Be6 18. Kh1 Nd7 19. Nd5 exf6 20. b3 axb3 21. cxb3 Qa6 22.
gxf6 Bxd5 23. exd5 Na7 24. Bd4 Kh8 25. Bxe5 Nxe5 26. Qh6 Rg8 27. Rf4 g5 28. Be4
Ng6 29. Rf2 Rae8 30. Ng3 Qb6 31. Re2 Qd8 32. Nh5 Re5 33. Rg1 Qc8 34. Ng7 Qc3
35. Qh5 Nb5 36. Nf5 Nf4 37. Nxd6 Rg6 38. Nxf7+ Kg8 39. Qg4 Nxe2 40. Nxe5 Qxe5
41. Qc8+ Kf7 42. Bxg6+ Kxg6 43. Qg8+ Kxf6 44. Qh8+ Kf5 45. Rxg5+ 1-0

[Event "SR 3. liga A2 2007/2008"]
[Site "?"]
[Date "2008.01.13"]
[Round "6"]
[White "Sulek, Viliam"]
[Black "Ress, Tamas"]
[Result "1/2-1/2"]
[WhiteElo "2172"]
[BlackElo "2139"]
[PlyCount "66"]
[EventDate "2007.??.??"]

1. e4 Nc6 2. Nf3 d5 3. exd5 Qxd5 4. Nc3 Qa5 5. h3 Nf6 6. Bb5 Bd7 7. d3 a6 8.
Ba4 O-O-O 9. Bb3 e6 10. Bd2 Qh5 11. Qe2 Bc5 12. O-O-O Nd4 13. Nxd4 Bxd4 14. f3
Bc6 15. Kb1 Nd5 16. Nxd5 Bxd5 17. c3 Bxb3 18. axb3 Bb6 19. d4 Rhe8 20. Qe4 e5
21. g4 Qg6 22. Qxg6 hxg6 23. dxe5 Rxe5 24. Bf4 Rxd1+ 25. Rxd1 Re2 26. h4 c6 27.
Rh1 Bc7 28. Bxc7 Kxc7 29. h5 gxh5 30. Rxh5 g6 31. Rh7 Re7 32. Kc2 Rd7 33. Rh2
c5 1/2-1/2

[Event "SR 3. liga A2 2007/2008"]
[Site "?"]
[Date "2008.01.13"]
[Round "6"]
[White "Ivan, Imrich ml"]
[Black "Kantor, Tamas st"]
[Result "1/2-1/2"]
[WhiteElo "2012"]
[BlackElo "2059"]
[PlyCount "110"]
[EventDate "2007.??.??"]

1. Nf3 d5 2. c4 e6 3. b3 c5 4. g3 Nc6 5. Bg2 Nf6 6. O-O d4 7. e3 Be7 8. exd4
cxd4 9. d3 O-O 10. Ba3 Re8 11. Bxe7 Qxe7 12. Re1 Qc7 13. Nbd2 e5 14. a3 Bg4 15.
b4 Rad8 16. h3 Bh5 17. Qc2 Qb8 18. Ng5 Nd7 19. c5 Ne7 20. Nc4 Nc8 21. Ne4 Nf6
22. Ned6 Nxd6 23. Nxd6 Re7 24. Nxb7 Rxb7 25. Bxb7 Qxb7 26. Rxe5 Bf3 27. Kh2 Qc6
28. Qd2 Re8 29. Rxe8+ Qxe8 30. Re1 Qd7 31. Qf4 Bb7 32. b5 Bc8 33. g4 Qxb5 34.
Qxd4 Qb8+ 35. Kg1 Be6 36. c6 Nd5 37. Re5 Ne7 38. c7 Qxc7 39. Rc5 Qb6 40. Kg2 h5
41. f3 hxg4 42. hxg4 Ng6 43. Kg3 Qb8+ 44. f4 Nf8 45. Ra5 Qb1 46. Rxa7 Qe1+ 47.
Qf2 Qd1 48. f5 Qxd3+ 49. Qf3 Qd6+ 50. Kh3 Bd5 51. Qe3 Bc6 52. Ra5 Qd1 53. g5
Qh1+ 54. Kg4 Qg2+ 55. Kf4 Qh2+ 1/2-1/2